000 00550nam a2200193Ia 4500
005 20250508155748.0
008 008 250505s9999 xx 000 0 eng d
037 _aDissertations
040 _aFEDL
_beng
_cFEDL
041 _aeng
_2eng
084 _a371.1, DAY/DI
_qFEDL
100 _aDayal Rajeswar
_9767455
245 0 _aStudy of some factors of teacher-pupil relationship
260 _c1973
300 _a95p.
546 _aM.Ed. Dissertation (Delhi University)
942 _cDIS
_h371.1, DAY/DI
999 _c1359172
_d1359172